00509 2200169 4500001002100000005001700021008004100038035002400079082000800103090001400111100002600125245008200151260004800233300002800281650001800309990001200327YOGYA-0412000000015820120418000517.0 ind  0010-041200000000158 a823 a823 Cur G aCurwood, James Oliver aThe Grizzly King : a romance of the wild/by James Oliver Curwood;ilustrations aNew YorkbGrosset & Dunlop Publishersc1918 aix,291 hlmbilusc19 cm aFiksi Inggris a48168-a